Guidelines for Engineering Design for Process Safety

Enregistré dans:
Détails bibliographiques
Format: Livre
Langue:anglais
Publié: New York American Institute of Chemical Engineers 1993
Sujets:
Accès en ligne:Voir à l'OPAC
Tags: Ajouter un tag
Pas de tags, Soyez le premier à ajouter un tag!

MARC

LEADER 00000nam a2200000 a 4500
005 20260127134027.0
008 060314 1993 xxu 000 0 eng d
020 |a 0816905657 
035 |a vtls008631125 
039 9 |y 200603141057  |z mschk03 
040 |a STUSCHK1  |b slo  |c STUSCHK1  |e AACR2 
080 |a 614.8 
245 1 |a Guidelines for Engineering Design for Process Safety 
260 |a New York  |b American Institute of Chemical Engineers  |c 1993 
300 |a 573 p. 
650 0 |a engineering design  |x process safety 
910 |a SCHK95 
919 |a 0-8169-0565-7 
999 |c 2364  |d 2364